000
00253nam a2200109Ia 4500
008
230312s9999||||xx |||||||||||||| ||und||
082
_a
759.951
_b
STE-V
100
_a
Stephenson:david
245
0
_a
Vision of heaven
650
_a
Architecture
942
_c
BK
999
_c
14535
_d
14535